Apám igaza

Bibliographic Details
Main Author: Hodossy, Gyula, 1960- (Author)
Format: Article
Language:Hungarian
Subjects:

MARC

LEADER 00000nab a2200000 a 4500
001 vtls000710591
003 SK-MaSNL
005 20260302195326.0
008 141024c1999 xo 0 hun
015 |a SNBRB2000/01-02577 
035 |a CLN000062758 
040 |a SNKBUCL  |b slo  |c SNKBUCL  |e AACR2 
041 0 |a hun 
044 |a xo  |c SK 
080 |a 894.511 (437.6)-3=945.11  |2 1997 
100 1 |a Hodossy, Gyula,  |d 1960-  |4 aut  |9 92871 
245 1 0 |a Apám igaza  |c Hodossy Gyula 
650 0 7 |a maďarské črty  |2 snkbucl  |9 202525 
655 7 |a články z novín a časopisov  |2 snkbucl  |9 267496 
773 0 |t Katedra  |g Roč. 7, č. 4 (1999), s. 3 
850 |a Slovenská národná knižnica v Martine 
852 |a SNK  |b KIS3GCP 
958 |a HU 
958 |a SK 
958 |a LX 
999 |c 1452091  |d 1454021